[Event "European Rapid 2022"]
[Site "Katowice POL"]
[Date "2022.12.18"]
[Round "7.20"]
[White "Kosakowski, Jakub"]
[Black "Orzech, Dominik"]
[Result "1-0"]
[WhiteTitle "IM"]
[BlackTitle "IM"]
[WhiteElo "2475"]
[BlackElo "2313"]
[WhiteFideId "1185080"]
[BlackFideId "1115065"]
[EventDate "2022.12.17"]

1. e4 Nf6 2. e5 Nd5 3. d4 d6 4. Nf3 g6 5. Bc4 Nb6 6. Bb3 Bg7 7. O-O O-O 8. h3
Nc6 9. Qe2 Na5 10. Bg5 Nxb3 11. axb3 Be6 12. c4 dxe5 13. dxe5 h6 14. Rd1 Nd7 15.
Be3 Qc8 16. Nc3 c6 17. Nd4 Nb6 18. f4 Rd8 19. Nxe6 Qxe6 20. Rxd8+ Rxd8 21. Rxa7
Nd7 22. Rxb7 g5 23. Qd3 gxf4 24. Bxf4 Kf8 25. Ne2 c5 26. Nc3 Bxe5 27. Bxe5 Qxe5
28. Rxd7 Qe1+ 29. Kh2 Qe5+ 30. g3 Ra8 31. Rd8+ Rxd8 32. Qxd8+ Kg7 33. Qd2 h5 34.
h4 1-0

[Event "European Rapid 2022"]
[Site "Katowice POL"]
[Date "2022.12.18"]
[Round "7.21"]
[White "Alonso Rosell, Alvar"]
[Black "Toma, Katarzyna"]
[Result "1-0"]
[WhiteTitle "GM"]
[BlackTitle "WGM"]
[WhiteElo "2561"]
[BlackElo "2232"]
[WhiteFideId "2270544"]
[BlackFideId "1119907"]
[EventDate "2022.12.17"]

1. d4 Nf6 2. c4 g6 3. Nf3 Bg7 4. g3 O-O 5. Bg2 d5 6. cxd5 Nxd5 7. O-O Nb6 8. Nc3
Nc6 9. e3 Re8 10. h3 h6 11. Qe2 e5 12. Nxe5 Nxe5 13. dxe5 Bxe5 14. e4 Bg7 15. f4
Be6 16. Qf2 c6 17. Be3 Nc4 18. Rfd1 Qa5 19. Bd4 Bxd4 20. Rxd4 Rad8 21. f5 gxf5
22. exf5 Qxf5 23. Qxf5 Bxf5 24. Rxc4 Rd2 25. Rf4 1-0

[Event "European Rapid 2022"]
[Site "Katowice POL"]
[Date "2022.12.18"]
[Round "7.22"]
[White "Huzman, Alexander"]
[Black "Decosse, Jean-Fabien"]
[Result "1-0"]
[WhiteTitle "GM"]
[BlackTitle "CM"]
[WhiteElo "2526"]
[BlackElo "2149"]
[WhiteFideId "2803828"]
[BlackFideId "622583"]
[EventDate "2022.12.17"]

1. Nf3 d6 2. d4 Nf6 3. g3 Nbd7 4. Bg2 c6 5. O-O e5 6. c4 Be7 7. Nc3 O-O 8. Qc2
Qc7 9. Rd1 Re8 10. h3 a6 11. Be3 b6 12. Rac1 Bb7 13. b4 g6 14. Qb3 Bf8 15. dxe5
Nxe5 16. Nxe5 Rxe5 17. Bf4 Re6 18. c5 Nh5 19. cxd6 Bxd6 20. Rxd6 Nxf4 21. Rxe6
Nxe6 22. e3 Qe5 23. Na4 Qc7 24. Qb2 Rd8 25. h4 b5 26. Nc5 Nxc5 27. Rxc5 a5 28.
a3 axb4 29. axb4 Rd6 30. Qc3 Qd7 31. h5 Qe6 32. Re5 Qf6 33. h6 Kf8 34. Qc5 Qd8
35. Re4 Qd7 36. Rd4 Ke7 37. e4 f6 38. f4 1-0

[Event "European Rapid 2022"]
[Site "Katowice POL"]
[Date "2022.12.18"]
[Round "7.23"]
[White "Maltsevskaya, Aleksandra"]
[Black "Saraci, Nderim"]
[Result "1/2-1/2"]
[WhiteTitle "IM"]
[BlackTitle "IM"]
[WhiteElo "2400"]
[BlackElo "2468"]
[WhiteFideId "24174041"]
[BlackFideId "6351921"]
[EventDate "2022.12.17"]

1. e4 e5 2. Nf3 Nc6 3. Bb5 a6 4. Ba4 Nf6 5. O-O Be7 6. Re1 b5 7. Bb3 d6 8. c3
O-O 9. h3 Nb8 10. d4 Nbd7 11. Nbd2 Bb7 12. a3 c5 13. Bc2 Qc7 14. b4 cxd4 15.
cxd4 exd4 16. Bb2 Rfe8 17. Rc1 Qd8 18. Nb3 Rc8 19. Nbxd4 Bf8 20. Nd2 d5 21. exd5
Bxd5 22. Rxe8 Qxe8 23. Nf5 g6 24. Ne3 Bb7 25. Bb3 Rxc1 26. Qxc1 Bd6 27. Ba2 Be5
28. Nb3 Bf4 29. Nc5 Nxc5 30. bxc5 Qe4 31. Qf1 Be5 32. Bxe5 Qxe5 33. Qc1 Bc6 34.
f3 h5 35. Kf2 Nd7 36. Qc2 Kg7 37. Qb3 Qe7 38. Qc3+ Kh7 39. Qd4 Qxc5 40. Qxc5
Nxc5 41. Bxf7 Kg7 42. Ba2 Nd3+ 43. Kf1 h4 44. Nc2 a5 45. Nd4 Bd7 46. Bb1 Nb2 47.
Ba2 Nd3 48. Bb1 Nf4 49. Kf2 Kf6 50. g3 hxg3+ 51. Kxg3 Nh5+ 52. Kf2 Kg5 53. h4+
Kxh4 54. Bxg6 Nf4 55. Be4 b4 56. axb4 1/2-1/2

[Event "European Rapid 2022"]
[Site "Katowice POL"]
[Date "2022.12.18"]
[Round "7.24"]
[White "Zimina, Olga"]
[Black "Abdrlauf, Elham"]
[Result "0-1"]
[WhiteTitle "IM"]
[BlackTitle "IM"]
[WhiteElo "2295"]
[BlackElo "2518"]
[WhiteFideId "4132190"]
[BlackFideId "1533533"]
[EventDate "2022.12.17"]

1. d4 Nf6 2. Nf3 b6 3. g3 Bb7 4. Bg2 e6 5. c4 Bb4+ 6. Bd2 Be7 7. Bc3 O-O 8. O-O
d5 9. Ne5 c5 10. cxd5 Bxd5 11. dxc5 Bxg2 12. Kxg2 Bxc5 13. b4 Bd6 14. a3 Qc7 15.
Nf3 Nbd7 16. Qb3 Rac8 17. Rc1 Qb7 18. Nd2 b5 19. Kg1 e5 20. Bb2 h6 21. Nf1 Rfe8
22. Ne3 Qe4 23. Rd1 Bf8 24. Rac1 a6 25. Nd2 Qa8 26. Nf3 Rxc1 27. Rxc1 a5 28.
bxa5 Qxa5 29. Rd1 Qa4 30. Qc3 Ra8 31. Nxe5 Nxe5 32. Qxe5 Ng4 33. Qd4 Nxe3 34.
fxe3 Qc2 35. Rd2 Qg6 36. Qd3 Qe6 37. Kg2 Re8 38. Kf2 Qh3 39. Kg1 Qe6 40. Kf2 Rc8
41. Kg2 Rc5 42. Qd4 Qc6+ 43. e4 Qe6 44. Qd3 h5 45. Qf3 h4 46. gxh4 Qg6+ 47. Kh3
Qe6+ 48. Qg4 Qb3+ 49. Qf3 Qe6+ 50. Qg4 f5 51. Qg3 fxe4+ 52. Qg4 Qf7 53. Rd7 Qf1+
54. Qg2 Qxg2+ 55. Kxg2 Rc2 56. Be5 Rxe2+ 57. Kg3 Ra2 58. Kf4 Rxa3 59. Kxe4 Ra4+
60. Bd4 Ra2 61. Be5 Re2+ 62. Kf5 b4 63. Rb7 Kh7 64. Rb8 Rf2+ 65. Kg4 Rf7 66. h5
Bc5 67. Rb5 Bf8 68. Rb8 Rf1 69. Rb7 Rf2 70. Bf4 Kg8 71. Be5 Rf7 72. Rb8 Kh7 73.
h3 Rf1 74. Rb7 Rg1+ 75. Kf5 Rb1 76. Rb8 b3 77. Kg4 Ba3 78. Rb7 Bf8 79. Rb8 Kg8
80. Bd6 b2 81. Rxf8+ Kh7 82. Rb8 Rg1+ 0-1

[Event "European Rapid 2022"]
[Site "Katowice POL"]
[Date "2022.12.18"]
[Round "7.25"]
[White "Seemann, Jakub"]
[Black "Schneider, Ilja"]
[Result "1-0"]
[WhiteTitle "FM"]
[BlackTitle "IM"]
[WhiteElo "2365"]
[BlackElo "2483"]
[WhiteFideId "21874697"]
[BlackFideId "4663306"]
[EventDate "2022.12.17"]

1. e4 e5 2. Nf3 Nc6 3. Bb5 a6 4. Ba4 Nf6 5. O-O Bc5 6. c3 O-O 7. d4 Ba7 8. Re1
d6 9. h3 Re8 10. Bc2 h6 11. Be3 exd4 12. cxd4 Nxe4 13. d5 Nxf2 14. Bxf2 Bxf2+
15. Kxf2 Ne5 16. Nbd2 Bd7 17. Kg1 Qf6 18. Nxe5 dxe5 19. Kh1 Rad8 20. Qf3 Qxf3
21. Nxf3 f6 22. Rad1 Bc8 23. Nh4 Rd6 24. Be4 Rb6 25. b3 Rb4 26. g4 Rd8 27. Kh2
Bd7 28. Rc1 c6 29. Rc4 Rb5 30. Rd1 Be6 31. dxe6 Rxd1 32. Bh7+ Kxh7 33. e7 Rd2+
34. Ng2 Rxa2 35. e8=Q Rxb3 36. g5 hxg5 37. h4 Raa3 38. Qh5+ Kg8 39. hxg5 Rh3+
40. Qxh3 Rxh3+ 41. Kxh3 Kf7 42. Kg4 g6 43. Ne3 fxg5 44. Kf3 Ke6 45. Ke4 Kd6 46.
Rc1 b5 47. Ra1 Kc5 48. Rxa6 g4 49. Ra1 b4 50. Kd3 Kb5 51. Rg1 e4+ 52. Kxe4 c5
53. Kd3 1-0

[Event "European Rapid 2022"]
[Site "Katowice POL"]
[Date "2022.12.18"]
[Round "7.26"]
[White "Berend, Elvira"]
[Black "Licznerski, Lukasz"]
[Result "1-0"]
[WhiteTitle "WGM"]
[BlackTitle "IM"]
[WhiteElo "2318"]
[BlackElo "2441"]
[WhiteFideId "4000510"]
[BlackFideId "1179250"]
[EventDate "2022.12.17"]

1. d4 Nf6 2. c4 g6 3. g3 Bg7 4. Bg2 d5 5. cxd5 Nxd5 6. e4 Nb6 7. Ne2 c5 8. d5 e6
9. Nbc3 O-O 10. O-O Na6 11. a3 c4 12. Be3 exd5 13. exd5 Bf5 14. Re1 Rc8 15. Nd4
Bd3 16. Ndb5 Ra8 17. Rc1 Nc7 18. Nxc7 Qxc7 19. b3 Qd6 20. bxc4 Bxc4 21. Ne4 Qxa3
22. Bxb6 Bb3 23. Bc5 Qa4 24. Qf3 Rfd8 25. Be7 Rxd5 26. Nf6+ Bxf6 27. Bxf6 Rf8
28. Qc3 Rd7 29. Bg7 Rb8 30. Bh6 f5 31. Ra1 1-0

[Event "European Rapid 2022"]
[Site "Katowice POL"]
[Date "2022.12.18"]
[Round "7.27"]
[White "Spalir, Jernej"]
[Black "Cramling, Pia"]
[Result "0-1"]
[WhiteTitle "IM"]
[BlackTitle "GM"]
[WhiteElo "2377"]
[BlackElo "2463"]
[WhiteFideId "14606518"]
[BlackFideId "1700030"]
[EventDate "2022.12.17"]

1. d4 Nf6 2. c4 e6 3. Nf3 d5 4. Nc3 dxc4 5. e3 a6 6. a4 b6 7. Bxc4 Bb7 8. O-O
Bb4 9. Qe2 O-O 10. Rd1 Qe7 11. Bd2 Nbd7 12. Rac1 c5 13. Nb1 cxd4 14. exd4 Bxd2
15. Rxd2 Rfc8 16. Nc3 Qb4 17. Ba2 Bd5 18. Bb1 Nf8 19. Re1 Ng6 20. Ne5 Qe7 21.
Qe3 Qb7 22. f3 b5 23. axb5 axb5 24. Bxg6 hxg6 25. Ne4 Bxe4 26. fxe4 Ra4 27. h3
Rd8 28. Kh1 Qb6 29. Nf3 Qc7 30. Qg5 Qa5 31. Kh2 Rc8 32. Qh4 Rac4 33. e5 Nh7 34.
Qf2 b4 35. d5 exd5 36. e6 fxe6 37. Rxe6 Qc7+ 38. g3 Nf6 39. Qg2 Rc2 40. Ne5 Rxd2
41. Qxd2 Qc2 42. Qxc2 Rxc2+ 43. Kg1 Re2 44. Re7 Kh7 45. Nxg6 Rxb2 46. Nf4 Rb3
47. g4 Kh6 48. Re5 Kh7 49. Nxd5 Nxd5 50. Rxd5 Rxh3 51. Rb5 Rg3+ 52. Kf2 Rxg4 53.
Kf3 Rc4 54. Rb6 g6 55. Kg3 Kh6 56. Rb5 g5 57. Rb6+ Kh5 58. Rb8 Rc3+ 59. Kf2 b3
60. Rb4 g4 61. Rb8 g3+ 62. Kg2 Kg4 0-1

[Event "European Rapid 2022"]
[Site "Katowice POL"]
[Date "2022.12.18"]
[Round "7.28"]
[White "Kubicka, Anna"]
[Black "Costachi, Mihnea"]
[Result "0-1"]
[WhiteTitle "WIM"]
[BlackTitle "IM"]
[WhiteElo "2217"]
[BlackElo "2476"]
[WhiteFideId "1152254"]
[BlackFideId "1217518"]
[EventDate "2022.12.17"]

1. e4 e5 2. Nf3 Nc6 3. Bb5 a6 4. Ba4 d6 5. d4 b5 6. Bb3 Nxd4 7. Nxd4 exd4 8. c3
Nf6 9. cxd4 Be7 10. O-O c5 11. e5 dxe5 12. dxe5 Qxd1 13. Rxd1 Nd7 14. Bd5 Ra7
15. Bf4 O-O 16. Nc3 Nb6 17. Bf3 Be6 18. Bg3 Nc4 19. b3 Na3 20. Nd5 c4 21. bxc4
Nxc4 22. Nxe7+ Rxe7 23. Be2 Rc8 24. Rac1 Rec7 25. Bf4 h6 26. h3 g5 27. Bg3 Kg7
28. Bxc4 Rxc4 29. Rxc4 bxc4 30. Rc1 c3 31. a3 c2 32. f4 Bf5 33. fxg5 hxg5 34.
Bf2 Kg6 35. Bd4 Rd8 36. Bb2 Rb8 37. Bc3 Rb3 38. Bb4 Rd3 39. g4 Rd1+ 0-1

[Event "European Rapid 2022"]
[Site "Katowice POL"]
[Date "2022.12.18"]
[Round "7.29"]
[White "Solys, Laimutis"]
[Black "Blohberger, Felix"]
[Result "0-1"]
[WhiteTitle "FM"]
[BlackTitle "GM"]
[WhiteElo "2289"]
[BlackElo "2490"]
[WhiteFideId "12800368"]
[BlackFideId "1632051"]
[EventDate "2022.12.17"]

1. e4 c5 2. Nf3 e6 3. d4 cxd4 4. Nxd4 Nf6 5. Nc3 Nc6 6. a3 Be7 7. Be3 O-O 8. Be2
a6 9. f4 d6 10. O-O Qc7 11. Kh1 Bd7 12. Qe1 Nxd4 13. Bxd4 Bc6 14. Qg3 g6 15. Bd3
Nh5 16. Qf2 Nxf4 17. Qxf4 e5 18. Qf2 exd4 19. Qxd4 Qa5 20. Bc4 Qe5 21. Qd3 Rae8
22. Rae1 Bd8 23. b4 Bf6 24. Nd5 Bg7 25. Re2 Kh8 26. Rfe1 Qd4 27. Qxd4 Bxd4 28.
Rd1 Be5 29. Bb3 Kg7 30. a4 h5 31. c4 a5 32. b5 Bxd5 33. Rxd5 b6 34. Rd1 Re7 35.
Bc2 Rc8 36. Bd3 Bd4 37. g3 Rce8 38. Rdd2 h4 39. Kg2 hxg3 40. hxg3 Rh8 41. Rd1
Bc5 42. Rh1 Rxh1 43. Kxh1 Kf6 44. Bc2 Ke5 45. Rd2 Bd4 46. Kg2 Rc7 47. Bd3 Bc3
48. Rd1 Rc8 49. Be2 Bd4 50. Bd3 Rh8 51. Rf1 Rh7 52. Rd1 Be3 53. Bc2 Bd4 54. Bd3
Ke6 55. Rf1 Bc5 56. Rd1 Rh5 57. Be2 Rg5 58. Kf3 Rh5 59. Kg2 Rh7 60. Rd5 Rh8 61.
Bg4+ Kf6 62. Bf3 Re8 63. Kf1 Re5 64. Rd1 Ke7 65. Rd2 Rg5 66. Kg2 Be3 67. Rd3 Bf4
68. Be2 Bc1 69. Rd1 Bb2 70. Rd3 Re5 71. Kf3 Rc5 72. Rd1 Rh5 73. Kg2 Rh8 74. Rd5
Be5 75. Bg4 Rg8 76. Be2 Ke6 77. Rd3 Rh8 78. Bg4+ Ke7 79. Rd1 Rb8 80. Rd2 Rb7 81.
Rd1 Rc7 82. Be2 Rc8 83. Rd2 Bc3 84. Rd1 Bb4 85. Rd5 Bc5 86. Rd1 Kf6 87. Rd5 Re8
88. Kf3 Re5 89. Rd1 Kg5 90. Bd3 Re6 91. Kg2 Rf6 92. Rd2 Kh6 93. Re2 Kg7 94. Bc2
Kf8 95. Rd2 Ke7 96. Bb1 Ke6 97. Bc2 Be3 98. Re2 Bd4 99. Rd2 Ke5 100. Bb1 Re6
101. Bc2 Re7 102. Rd1 Rc7 103. Bd3 Bb2 104. Be2 Kxe4 105. Rxd6 Bd4 106. Bf3+ Ke3
107. Bd5 Kd3 108. Rd8 Kc3 109. Rf8 f6 110. Re8 Kb4 111. Re4 Bc5 112. Re6 Bd4
113. Re4 Bc5 114. Re6 Kxa4 115. Rxf6 Rg7 116. g4 g5 117. Kf3 Kb3 118. Ke4 a4
119. Rf3+ Kb2 120. Rh3 a3 121. Rh2+ Kb3 122. Rh3+ Kb4 123. Rh2 Ra7 124. Kf5 a2 0-1

[Event "European Rapid 2022"]
[Site "Katowice POL"]
[Date "2022.12.18"]
[Round "7.30"]
[White "Samunenkov, Ihor"]
[Black "Wikar, Martyna"]
[Result "1-0"]
[WhiteTitle "IM"]
[BlackTitle "WFM"]
[WhiteElo "2488"]
[BlackElo "2185"]
[WhiteFideId "14187086"]
[BlackFideId "21807663"]
[EventDate "2022.12.17"]

1. d4 Nf6 2. Nf3 g6 3. Nbd2 d5 4. e3 Bg7 5. b4 O-O 6. c4 c6 7. a4 Nbd7 8. Bb2 h6
9. Be2 Ne4 10. O-O f5 11. b5 g5 12. a5 e6 13. Nxe4 fxe4 14. Nd2 Nf6 15. Nb3 Rf7
16. a6 cxb5 17. axb7 Bxb7 18. cxb5 Nd7 19. Bh5 Rf6 20. Nc5 Bc8 21. Qe2 Nb6 22.
Rfc1 Bf8 23. f3 exf3 24. Bxf3 Bd6 25. e4 Bf4 26. Rc2 Qf8 27. e5 Rf7 28. Bh5 Nc4
29. Bxf7+ Qxf7 30. Rxc4 dxc4 31. g3 Bd7 32. Nxd7 Qxd7 33. gxf4 Rf8 34. Qe4 Kg7
35. Qc6 Qf7 36. Rf1 Qg6 37. Qg2 Rf5 38. d5 Qe8 39. dxe6 Qxe6 40. Kh1 Kg6 41. Qc6 1-0

[Event "European Rapid 2022"]
[Site "Katowice POL"]
[Date "2022.12.18"]
[Round "7.31"]
[White "Chyzy, Jakub"]
[Black "Gunnarsson, Arnar"]
[Result "1-0"]
[WhiteTitle "FM"]
[BlackTitle "IM"]
[WhiteElo "2247"]
[BlackElo "2406"]
[WhiteFideId "21806209"]
[BlackFideId "2300915"]
[EventDate "2022.12.17"]

1. e4 e5 2. Nf3 d5 3. exd5 Bd6 4. d4 e4 5. Ne5 Nf6 6. Bb5+ Bd7 7. Nxd7 Nbxd7 8.
c4 O-O 9. c5 Be7 10. Nc3 a6 11. Be2 Re8 12. b4 a5 13. b5 b6 14. d6 cxd6 15. c6
Nf8 16. d5 Ng6 17. O-O a4 18. Be3 a3 19. Qd4 Qc8 20. Qxb6 Ng4 21. h3 Nxe3 22.
Qxe3 f5 23. b6 Ra5 24. b7 Qc7 25. Nb5 Rxb5 26. Bxb5 Bf6 27. Rab1 f4 28. Qa7 Bb2
29. Ba6 Ne7 30. Rxb2 axb2 31. Rb1 Rb8 32. Rxb2 Kf8 33. Qxb8+ Qxb8 34. c7 Qxc7
35. b8=Q+ Qxb8 36. Rxb8+ Kf7 37. Rb4 Kf6 38. Rxe4 Nxd5 39. Bc4 Nc3 40. Rxf4+ Ke5
41. Rf7 d5 42. Bxd5 Kxd5 43. Rxg7 Nxa2 44. Rxh7 Ke5 45. Rc7 Nb4 46. Kf1 Kd6 47.
Rc4 Na6 48. h4 Kd5 49. Rc8 Ke5 50. Ke2 Nb4 51. Rc4 Nd5 52. Rc5 1-0

[Event "European Rapid 2022"]
[Site "Katowice POL"]
[Date "2022.12.18"]
[Round "7.32"]
[White "Lach, Aleksandra"]
[Black "Paehtz, Elisabeth"]
[Result "0-1"]
[WhiteTitle "WIM"]
[BlackTitle "GM"]
[WhiteElo "2191"]
[BlackElo "2464"]
[WhiteFideId "1134299"]
[BlackFideId "4641833"]
[EventDate "2022.12.17"]

1. e4 c6 2. d4 d5 3. exd5 cxd5 4. Bd3 Nc6 5. c3 g6 6. Bf4 Bg7 7. Nf3 Bf5 8. O-O
Qd7 9. Re1 Nf6 10. Bb5 O-O 11. Qa4 Nh5 12. Be5 f6 13. Bg3 Rfc8 14. Nbd2 a6 15.
Bxc6 Rxc6 16. Nb3 Nxg3 17. hxg3 Qc7 18. Na5 Rd6 19. b4 Bf8 20. Rac1 b6 21. Nb3
Rc6 22. b5 Rc4 23. Qa3 e6 24. Qb2 axb5 25. Nbd2 Rca4 26. Qxb5 Rxa2 27. c4 R2a5
28. Qb3 Ra3 29. Qd1 Qd7 30. Re3 Rxe3 31. fxe3 Bh6 32. Rc3 Qd6 33. Kf2 dxc4 34.
Nxc4 Ra2+ 35. Nfd2 Qb4 36. Qb3 Bf8 37. Kf3 b5 38. Qxa2 Qxc3 39. Na5 h5 40. Kf2
Bh6 41. Nf1 Qc2+ 42. Qxc2 Bxc2 43. Nd2 Bf8 44. Nc6 b4 45. Na5 Bd3 46. Nab3 Kf7
47. e4 Bd6 48. d5 exd5 49. exd5 f5 50. Ke3 Ba6 51. Kf3 Kf6 52. Na5 Ke5 53. Nc6+
Kxd5 54. Nd8 Be7 55. Nf7 Ke6 56. Nh8 Kf6 0-1

[Event "European Rapid 2022"]
[Site "Katowice POL"]
[Date "2022.12.18"]
[Round "7.33"]
[White "Alexakis, Dimitris"]
[Black "Kacprzak, Kacper"]
[Result "1/2-1/2"]
[WhiteTitle "IM"]
[WhiteElo "2486"]
[BlackElo "2289"]
[WhiteFideId "4277023"]
[BlackFideId "21819319"]
[EventDate "2022.12.17"]

1. e4 e6 2. d4 d5 3. Nc3 Bb4 4. Ne2 Nc6 5. a3 Ba5 6. e5 Nge7 7. b4 Bb6 8. Na4
O-O 9. g3 Nf5 10. c3 f6 11. f4 fxe5 12. fxe5 Bd7 13. Bg2 Nce7 14. Nxb6 axb6 15.
O-O Ba4 16. Qe1 Ng6 17. h4 Bb5 18. Rf2 c5 19. Bg5 Qc7 20. h5 h6 21. Bd2 Nh8 22.
g4 Ne7 23. Nf4 Qd7 24. Bh3 Nf7 25. Ng6 Nxg6 26. hxg6 Nh8 27. g5 h5 28. Rxf8+
Rxf8 29. Qh4 Nxg6 30. Qxh5 Bd3 31. Be3 cxd4 32. cxd4 Qf7 33. Rd1 Bf5 34. Rf1 Ne7
35. Qxf7+ Kxf7 36. Bg2 Rc8 37. Rc1 Rxc1+ 38. Bxc1 Be4 39. Bh3 Nf5 40. Kf2 Nxd4
41. Be3 Nc2 42. a4 Nxb4 43. Bxb6 Nc6 44. Bc7 Ke7 45. Bd6+ Kd7 46. Bf1 g6 47. Bb5
Kd8 48. Bxc6 bxc6 49. Ke3 Kc8 50. Kd4 Kb7 51. Kc5 Bf5 52. Be7 Bc2 53. a5 Bf5 54.
Bd8 Bd3 55. Bb6 Bf5 56. Kd6 Bg4 1/2-1/2

[Event "European Rapid 2022"]
[Site "Katowice POL"]
[Date "2022.12.18"]
[Round "7.35"]
[White "Dragicevic, Drazen"]
[Black "Deac, Bogdan-Daniel"]
[Result "0-1"]
[WhiteTitle "FM"]
[BlackTitle "GM"]
[WhiteElo "2345"]
[BlackElo "2700"]
[WhiteFideId "1707922"]
[BlackFideId "1226380"]
[EventDate "2022.12.17"]

1. Nf3 b6 2. e4 Bb7 3. Nc3 Nf6 4. e5 Nd5 5. Nxd5 Bxd5 6. c4 Bxf3 7. Qxf3 Nc6 8.
Qe4 e6 9. a3 f5 10. exf6 Qxf6 11. Bd3 Bc5 12. O-O g6 13. Qe2 O-O 14. Be4 Nd4 15.
Qg4 Rad8 16. b4 Bd6 17. d3 Nf3+ 18. Bxf3 Qxa1 19. d4 Qc3 20. c5 Be7 21. Be3 Rf7
22. d5 Qe5 23. Rd1 bxc5 24. bxc5 Rdf8 25. c6 Bd6 26. cxd7 Rxd7 27. Qxe6+ Rdf7
28. Qxe5 Bxe5 29. Bxa7 Bd6 30. Bg4 Ra8 31. Be3 Rff8 32. Be6+ Kg7 33. Bd4+ Kh6
34. Be3+ Bf4 35. Bc5 Rfb8 36. g3 Bd6 37. Be3+ Kg7 38. Bd4+ Kf8 39. Be3 Be5 40.
Bc5+ Kg7 41. Re1 Kf6 42. Re3 g5 43. Rf3+ Kg6 44. Bf7+ Kg7 45. Be6 Rb1+ 46. Kg2
Rbb8 47. Rf5 Bf6 48. Bb4 h6 49. Rf3 Re8 50. Re3 Ra6 51. Rf3 Ra7 52. Kh3 h5 53.
Re3 Ra6 54. Rd3 Rd8 55. Re3 c6 56. d6 Bd4 57. Re4 c5 58. Bc4 Raxd6 59. Re7+ Kf6
60. Rf7+ Kg6 61. Be1 Re8 62. Bd2 Bf6 63. Be3 Re4 64. Ba2 g4+ 65. Kg2 Rxe3 0-1

[Event "European Rapid 2022"]
[Site "Katowice POL"]
[Date "2022.12.18"]
[Round "7.36"]
[White "Karas, Marek"]
[Black "Donchenko, Alexander"]
[Result "0-1"]
[WhiteTitle "FM"]
[BlackTitle "GM"]
[WhiteElo "2240"]
[BlackElo "2636"]
[WhiteFideId "14928558"]
[BlackFideId "24603295"]
[EventDate "2022.12.17"]

1. e4 c5 2. Nf3 d6 3. Bb5+ Nd7 4. d4 cxd4 5. Qxd4 a6 6. Bxd7+ Bxd7 7. Nc3 e5 8.
Qd3 Rc8 9. O-O Be6 10. Rd1 Be7 11. Be3 Nf6 12. h3 h6 13. a4 Qa5 14. Bd2 Qc7 15.
a5 O-O 16. Be3 Bc4 17. Qd2 Qc6 18. Rac1 Nxe4 19. Nxe4 Qxe4 20. b3 Be6 21. Qe2 d5
22. Qd3 Qxd3 23. cxd3 d4 24. Bd2 f6 25. b4 Kf7 26. Kf1 Rxc1 27. Rxc1 Rc8 28.
Rxc8 Bxc8 29. Ne1 Ke6 30. Nc2 Kd5 31. f3 f5 32. Ke2 Bd7 33. Na3 e4 34. g4 g6 35.
Be1 h5 36. gxh5 gxh5 37. Bd2 Bh4 38. Be1 Bg5 39. h4 Be7 40. Kd1 exf3 41. Nc4 Bb5
42. Nb2 f2 0-1

[Event "European Rapid 2022"]
[Site "Katowice POL"]
[Date "2022.12.18"]
[Round "7.37"]
[White "Zawadzka, Jolanta"]
[Black "Kosteniuk, Alexandra"]
[Result "1/2-1/2"]
[WhiteTitle "WGM"]
[BlackTitle "GM"]
[WhiteElo "2386"]
[BlackElo "2520"]
[WhiteFideId "1122320"]
[BlackFideId "4128125"]
[EventDate "2022.12.17"]

1. e4 c5 2. Nf3 e6 3. d4 cxd4 4. Nxd4 Nf6 5. Nc3 Nc6 6. Ndb5 Bc5 7. Nd6+ Ke7 8.
Bf4 e5 9. Nf5+ Kf8 10. Be3 Bb4 11. a3 Bxc3+ 12. bxc3 d5 13. f3 Bxf5 14. exf5 d4
15. cxd4 exd4 16. Bd2 Qe7+ 17. Kf2 Nd5 18. Bd3 Qc7 19. g3 h5 20. Be4 Rd8 21. Qe2
Ne5 22. Rhe1 Nc3 23. Bxc3 dxc3 24. Rad1 Rxd1 25. Qxd1 Rh6 26. Qd5 Rd6 27. Qxb7
Rd2+ 28. Re2 Nd3+ 29. Kf1 Qxb7 30. Bxb7 Rd1+ 31. Kg2 Rd2 32. Kf1 Nc1 33. Rf2 f6
34. Be4 Ke7 35. Ke1 Rd4 36. h3 Kd6 37. g4 h4 38. g5 Ke5 39. gxf6 gxf6 40. Rg2
Kf4 41. Rg6 Rd6 42. Rg7 Rd2 43. Rc7 Na2 44. Rc4 Kg3 45. Bd3 Rh2 46. Rg4+ Kxf3
47. Rxh4 Nc1 48. Bf1 Rxc2 49. Kd1 Rf2 50. Kxc1 Rxf1+ 51. Kc2 Ke3 52. Rh7 Rxf5
53. Kxc3 a5 54. h4 Rc5+ 55. Kb3 f5 56. h5 f4 57. h6 f3 58. Rf7 Rh5 59. h7 f2 60.
Re7+ Kd2 61. Rf7 Ke2 62. Re7+ Kf3 63. Rf7+ Kg2 64. Rg7+ Kf3 1/2-1/2

[Event "European Rapid 2022"]
[Site "Katowice POL"]
[Date "2022.12.18"]
[Round "7.38"]
[White "Vogel, Roven"]
[Black "Tisaj, Domen"]
[Result "0-1"]
[WhiteTitle "IM"]
[BlackTitle "FM"]
[WhiteElo "2463"]
[BlackElo "2396"]
[WhiteFideId "12908088"]
[BlackFideId "14628708"]
[EventDate "2022.12.17"]

1. d4 Nf6 2. c4 e6 3. Nf3 d5 4. Nc3 c6 5. cxd5 exd5 6. Bf4 Bd6 7. Bxd6 Qxd6 8.
e3 Bf5 9. Nh4 Bg6 10. Qb3 Qe7 11. Nxg6 hxg6 12. Bd3 Qc7 13. O-O-O Nbd7 14. h3
O-O-O 15. Kb1 Kb8 16. Rc1 g5 17. Qa3 Ka8 18. Nb5 Qb8 19. Nc3 Nb6 20. b4 Qd6 21.
Qb2 g4 22. a4 Rde8 23. Qb3 g3 24. a5 Nc4 25. Bxc4 dxc4 26. Qxc4 gxf2 27. Rhf1
Rxe3 28. Rxf2 a6 29. Rb2 Qe6 30. Na4 Qxc4 31. Nb6+ Kb8 32. Nxc4 Rd3 33. Ne5 Rxd4
34. Rxc6 Re8 35. Nf3 Rd3 36. Rc4 Nd5 37. Kc2 Ra3 38. Kd2 Ne3 39. Rf4 f6 40. Ne1
Rd8+ 41. Ke2 Nd5 42. Rc4 Re8+ 43. Kf2 Nc3 44. Rd4 Ra1 45. Rc2 Nd1+ 46. Kg3 Ne3
47. Rc5 Rxe1 48. Rd7 Rc8 49. Kf2 Rxc5 50. bxc5 Nc2 51. Rxg7 Re5 52. h4 Ne3 53.
g4 Nd5 54. h5 Rg5 55. Rd7 Nf4 56. h6 Rxg4 57. Rg7 Rh4 58. h7 Ng6 59. Rxg6 Rxh7
60. Rxf6 Kc7 61. Ke3 Rh4 62. Kd3 Ra4 63. Kc3 Rxa5 64. Kb4 Ra1 65. Rf7+ Kc6 66.
Rf6+ Kc7 67. Rf7+ Kb8 68. Rf8+ Ka7 69. Rf7 Rb1+ 70. Ka4 Kb8 71. c6 b6 72. Rb7+
Kc8 73. Ra7 a5 74. Rb7 Rb4+ 75. Ka3 Rb1 76. Ka4 Rb2 77. Rh7 Rb4+ 78. Ka3 Rc4 79.
Kb3 Rxc6 80. Ka4 Rc5 81. Rg7 Kb8 82. Rh7 Rg5 83. Rf7 Rh5 84. Rg7 Re5 85. Rh7 Rf5
86. Rg7 Kc8 87. Rh7 Rd5 88. Rg7 Rd7 89. Rg5 Rd4+ 90. Kb5 Rb4+ 91. Kc6 Kd8 92.
Kd6 Ke8 93. Rg7 a4 94. Ra7 b5 95. Kc5 Rb3 0-1

[Event "European Rapid 2022"]
[Site "Katowice POL"]
[Date "2022.12.18"]
[Round "7.39"]
[White "Piorun, Kacper"]
[Black "Kruckenhauser, Arthur"]
[Result "1-0"]
[WhiteTitle "GM"]
[BlackTitle "FM"]
[WhiteElo "2611"]
[BlackElo "2339"]
[WhiteFideId "1130420"]
[BlackFideId "1642812"]
[EventDate "2022.12.17"]

1. d4 Nf6 2. Nf3 e6 3. e3 b6 4. Bd3 Bb7 5. O-O Be7 6. b3 O-O 7. Bb2 d5 8. Nbd2
Nbd7 9. Qe2 c5 10. Rfd1 Ne4 11. c4 f5 12. cxd5 exd5 13. Nf1 Bd6 14. dxc5 Ndxc5
15. Nd4 Qe7 16. f3 Nxd3 17. Qxd3 Nc5 18. Qc2 g6 19. b4 Nd7 20. Nc6 Qe6 21. b5
Rac8 22. Qa4 a5 23. Qd4 Nf6 24. Qxb6 Bxc6 25. bxc6 Rxc6 26. Qxa5 Bc5 27. Qd2 Rd8
28. Kh1 h5 29. Rac1 Be7 30. Ng3 Ra6 31. Bd4 h4 32. Ne2 Nh5 33. Rc2 Bg5 34. Rb1
Re8 35. f4 Be7 36. Nc3 Nf6 37. Bxf6 Bxf6 38. Nxd5 Rd6 39. Nxf6+ Qxf6 40. Qf2 Rd3
41. Re2 Qe7 42. h3 Rc8 43. a4 Rcc3 44. Reb2 Rc7 45. a5 Rxe3 46. a6 Ra3 47. Rb8+
Kf7 48. Qd4 Rxa6 49. Qh8 Qe4 50. Qf8+ 1-0